| 000 | 00814nam a2200229 a 4500 | ||
|---|---|---|---|
| 005 | 20210219160246.0 | ||
| 008 | 081001s1990 mx r 000 0 spa d | ||
| 035 | _aUPN01000161714 | ||
| 049 | _aUNE | ||
| 080 | _a371.62 (4) =20 "1990" CLY. | ||
| 100 | 1 | _aClynes, Roger | |
| 245 | 1 | 0 |
_aAdaptability and flexibility in educational facilities / _cRoger Clynes. |
| 260 |
_aParis : _bOCDE, _c1990. |
||
| 300 |
_a51 p. ; _bil. |
||
| 440 | 0 | _aProgramme on Educational Building | |
| 690 | _aEdificios educacionales | ||
| 690 | _aInstalaciones educacionales | ||
| 690 | _aEuropa- Edificios educacionales | ||
| 710 | 2 | _aOECD. Organisation for Economic Co-operation and Development | |
| 710 | 2 | _aSeminar Adaptability and Flexibility in Educational Facilities, 1989 : Leicester, United Kingdom. | |
| 905 | _aUNESCO | ||
| 999 |
_c133827 _d133827 |
||